Czy rozpoznasz państwo po miejscowości? - Statystyki

Ogólne statystyki
  • Ten quiz został rozwiązany 165 razy
  • Średni wynik to 12 z 22
Statystyki odpowiedzi
Miejscowość Państwo % Poprawnych
Вольск-2 Rosja
95%
上海 Chiny
91%
Brzozowy Most Polska
79%
المليليح Arabia Saudyjska
74%
अकोला Indie
71%
기정동 Korea Północna
70%
Верхняя Сьвіслач Białoruś
69%
تل عبطه Irak
68%
Алға Kazachstan
62%
เทศบาลนครเชียงใหม่ Tajlandia
54%
Жаргалант Mongolia
49%
ქუთაისი Gruzja
48%
الحسينية Syria
48%
اسلام آباد Pakistan
44%
ក្រុងកំពង់ឆ្នាំង Kambodża
43%
ວຽງຈັນ Laos
40%
Սարալանջ Armenia
38%
Đurđin Serbia
35%
Aşağı Quşçu Azerbejdżan
32%
Sarawak Malezja
31%
Narnia Włochy
15%
Mbándáká Demokratyczna Republika Konga
8%
Nie znaleziono quizów pasujących do podanych kryteriów
Rozkład punktacji
Procent ludzi z każdym wynikiem
Percentyl według liczby udzielonych odpowiedzi
Twoja historia wyników
Nie rozwiązałeś tego quizu